Paleognathae genera (scientific names) - Statistics

General Stats
  • This quiz has been taken 56 times
  • The average score is 5 of 14
Answer Stats
(Sub)Family Answer % Correct
Rheidae Rhea
100%
Struthionidae Struthio
88%
Casuariidae Casuarius
50%
Dromaiidae Dromaius
50%
Apterygidae Apteryx
38%
Tinamus
38%
Crypturellus
25%
Nothura
25%
Eudromia
13%
Tinamidae - Tinaminae Nothocercus
13%
Nothoprocta
13%
Rhynchotus
13%
Taoniscus
13%
Tinamidae - Nothurinae Tinamotis
13%
No matching quizzes found
Score Distribution
Percent of People with Each Score
Percentile by Number Answered
Your Score History
You have not taken this quiz